| 000 | 00804nam a2200205Ia 4500 | ||
|---|---|---|---|
| 003 | OSt | ||
| 005 | 20241120131613.0 | ||
| 007 | ca aa aaaaa | ||
| 008 | 201103s9999 xx 000 0 und d | ||
| 040 | _cSSBUL | ||
| 041 | _abur | ||
| 082 |
_a၂၉၄.၃၄၄၃၅ _223 _bS-SAT |
||
| 100 | 0 |
_aဝိသုဒ္ဓဉာဏ၊ ဦး(ဝိဇ္ဇာ) _917253 |
|
| 245 | 1 | 0 |
_aသိပ္ပံနည်းကျဗုဒ္ဓဝိပဿနာ / _cဦးဝိသုဒ္ဓဉာဏ(ဝိဇ္ဇာ)။ |
| 260 |
_aရန်ကုန် ၊ _bထွန်းပညာစာပေ၊ _c၁၉၇၉။ |
||
| 300 |
_aဃ၊ ၁၄၈ စာမျက်နှာ ၊ _c၁၈ စင်တီ။ |
||
| 500 | _aS-SAT: Dr. Sai Aung Tun | ||
| 650 |
_aဝိပဿနာ _954974 |
||
| 942 |
_2ddc _cBK1 |
||
| 999 |
_c16613 _d16613 |
||